Stati del G24 - Statistics

Statistiche generali
  • Questo quiz è stato fatto 3 volte
  • Il punteggio medio è 22 su 29
Statistiche sulle risposte
Continente Nazione % Corretto
Africa Algeria
100%
America del Sud Argentina
100%
America del Sud Colombia
100%
America del Sud Ecuador
100%
Africa Egitto
100%
Africa Etiopia
100%
Asia India
100%
Africa Marocco
100%
America del Sud Messico
100%
Africa Nigeria
100%
Asia Pakistan
100%
America del Sud Perù
100%
Asia Sri Lanka
100%
Africa Sudafrica
100%
America del Sud Venezuela
100%
Asia Cina
50%
Africa Costa d'Avorio
50%
Asia Filippine
50%
Africa Gabon
50%
Africa Ghana
50%
America del Sud Guatemala
50%
America del Sud Haiti
50%
Asia Iran
50%
Africa Kenya
50%
Asia Libano
50%
Africa Repubblica Democratica del Congo
50%
Asia Siria
50%
America del Sud Trinidad e Tobago
50%
America del Sud Brazil
0%
Nessun quiz corrispondente trovato
Distribuzione punteggi
Percentuale di utenti per punteggio
Percentile per numero di risposta
I tuoi punteggi nel tempo
Non hai fatto questo quiz